[Event "Olomouc Chess Summer 2011 - Open Olomouc"]
[Site "Olomouc"]
[Date "2011.08.09"]
[Round "7.13"]
[White "Vanek, Ladislav"]
[Black "Zdrazil, Tomas"]
[Result "1-0"]
[WhiteElo "2209"]
[BlackElo "2019"]
[PlyCount "81"]
[EventDate "2011.08.04"]

1. d4 Nf6 2. Nf3 g6 3. Nc3 d5 4. Bg5 Bg7 5. e3 O-O 6. Be2 Bg4 7. h3 Bxf3 8.
Bxf3 c6 9. Qd2 Nbd7 10. O-O e5 11. Rad1 Qc7 12. g4 Rfe8 13. Rfe1 e4 14. Be2 Nf8
15. Kg2 Ne6 16. Bh4 Nd7 17. Rh1 f5 18. gxf5 gxf5 19. Rdg1 Kh8 20. Kf1 Rg8 21.
Bg3 Qd8 22. Bh5 Qe7 23. Ne2 Bh6 24. Rg2 Raf8 25. Rhg1 Ng7 26. Bf4 Bxf4 27. Nxf4
Ne6 28. Rxg8+ Rxg8 29. Rxg8+ Kxg8 30. Nxe6 Qxe6 31. Qa5 Nf6 32. Qd8+ Kg7 33.
Qc7+ Kh6 34. Bf7 Qd7 35. Qxd7 Nxd7 36. Be6 Nb6 37. Bxf5 Kg5 38. Bxh7 Na4 39. b4
Nb6 40. Ke2 Nc8 41. f3 1-0

[Event "Olomouc Chess Summer 2011 - Open Olomouc"]
[Site "Olomouc"]
[Date "2011.08.09"]
[Round "7.14"]
[White "Kolasin, Jan"]
[Black "Miskulin, Dennis"]
[Result "0-1"]
[WhiteElo "2023"]
[BlackElo "2208"]
[PlyCount "96"]
[EventDate "2011.08.04"]

1. e4 c5 2. Nf3 d6 3. d4 cxd4 4. Nxd4 Nf6 5. Nc3 a6 6. Be3 e6 7. f3 Be7 8. Qd2
Nc6 9. O-O-O Qc7 10. g4 O-O 11. Kb1 b5 12. g5 Nd7 13. g6 hxg6 14. h4 Nf6 15.
Nxc6 Qxc6 16. h5 gxh5 17. Bh6 g6 18. Bxf8 Bxf8 19. Qg5 Be7 20. Ne2 Qc5 21. Qg3
Bb7 22. Bh3 Qe5 23. Nf4 h4 24. Qxh4 Nd5 25. Nxg6 Bxh4 26. Nxe5 dxe5 27. exd5
exd5 28. Be6 fxe6 29. Rxh4 Bc6 30. Rg1+ Kf7 31. Rh7+ Kf6 32. Rc7 Be8 33. Rg8 d4
34. Kc1 Bc6 35. Rgg7 Be8 36. Kd2 Bg6 37. c3 Rh8 38. cxd4 exd4 39. Rgd7 Rh2+ 40.
Kd1 d3 41. Ra7 Rxb2 42. Rxa6 Bf5 43. f4 Bg4+ 44. Kc1 Rc2+ 45. Kb1 Bf5 46. Rb6
d2 47. Rbd6 b4 48. Rd8 Rc1+ 0-1

[Event "Olomouc Chess Summer 2011 - Seniors Open"]
[Site "Olomouc (CZE), Hotel Sigma"]
[Date "2011.08.09"]
[Round "7.1"]
[White "Sejkora, Vlastimil"]
[Black "Gosek, Zenon"]
[Result "1/2-1/2"]
[WhiteElo "2212"]
[BlackElo "2059"]
[PlyCount "171"]
[EventDate "2011.08.04"]

1. e4 c5 2. g3 Nc6 3. Bg2 g6 4. Ne2 Bg7 5. c3 e5 6. O-O Nge7 7. Na3 O-O 8. Nc2
d5 9. exd5 Nxd5 10. d3 Bg4 11. Ne3 Nxe3 12. Bxe3 c4 13. f3 Be6 14. d4 Qb6 15.
Qd2 Rad8 16. Rfd1 exd4 17. cxd4 Qb4 18. Qc1 Rd6 19. Qc3 Rfd8 20. Rd2 Bf5 21. a3
Qa4 22. Kf2 Na5 23. Nc1 Nb3 24. Nxb3 cxb3 25. f4 Bxd4 26. Bxd4 Rxd4 27. Rad1
Rxd2+ 28. Rxd2 Rc8 29. Qe3 Rc2 30. Bf3 Qd7 31. Ke1 Qc8 32. Qxb3 Rc1+ 33. Bd1
Qc5 34. Qf3 h5 35. Qf2 Qa5 36. b4 Qxa3 37. Rd8+ Kh7 38. Qd4 Qc3+ 39. Qxc3 Rxc3
40. Rb8 Rc7 41. Bf3 Bc8 42. Ra8 b6 43. Kd2 Kg7 44. Kd3 Kf6 45. Kd4 Ke7 46. b5
Bd7 47. Be2 Be6 48. Bf3 Rd7+ 49. Kc3 Kd6 50. Bc6 Bd5 51. Rc8 Bxc6 52. Rxc6+ Kd5
53. Kd3 a6 54. Kc3 axb5 55. Rxb6 Kc5 56. Rf6 b4+ 57. Kb3 Kb5 58. f5 Rd3+ 59.
Kc2 Rf3 60. Rxf7 Rxf5 61. Rg7 g5 62. h4 gxh4 63. gxh4 Kc4 64. Rc7+ Rc5 65. Rg7
Rf5 66. Rc7+ Kb5 67. Rg7 Rf2+ 68. Kb3 Rf3+ 69. Kb2 Rf2+ 70. Kb3 Rf3+ 71. Kb2
Rc3 72. Rg5+ Rc5 73. Kb3 Kc6 74. Rg6+ Kb5 75. Rg5 Kc6 76. Rg6+ Kd5 77. Rh6 Ke4
78. Kxb4 Rf5 79. Kc4 Kf4 80. Rg6 Re5 81. Kd4 Re4+ 82. Kd5 Ra4 83. Rg1 Ra5+ 84.
Ke6 Ra3 85. Rg5 Ra6+ 86. Kf7 1/2-1/2

[Event "Olomouc Chess Summer 2011 - Seniors Open"]
[Site "Olomouc (CZE), Hotel Sigma"]
[Date "2011.08.09"]
[Round "7.2"]
[White "Travnicek, Petr"]
[Black "Golcman, Evgeny"]
[Result "0-1"]
[WhiteElo "2166"]
[BlackElo "2291"]
[PlyCount "120"]
[EventDate "2011.08.04"]

1. Nf3 g6 2. e4 Bg7 3. d4 d6 4. Bc4 Nf6 5. Qe2 O-O 6. O-O c6 7. Bd3 Qc7 8. h3
e5 9. dxe5 dxe5 10. b3 Nbd7 11. Bb2 Nh5 12. Nbd2 Nc5 13. Qe3 Nxd3 14. cxd3 Re8
15. d4 exd4 16. Bxd4 Qf4 17. Qxf4 Nxf4 18. Bxg7 Kxg7 19. Rfe1 Be6 20. Nd4 Rad8
21. N2f3 Bc8 22. Re3 c5 23. Ne2 Ne6 24. Rc1 b6 25. Nc3 Nd4 26. Kh2 Bb7 27. Ne1
Rd7 28. Nd3 f5 29. f4 fxe4 30. Ne5 Rdd8 31. Nxe4 Ne6 32. Kg3 Rf8 33. Rf1 Rd4
34. Rfe1 Nxf4 35. Nf3 Nh5+ 36. Kh2 Rxe4 37. Rxe4 Bxe4 38. Rxe4 Nf6 39. Re6 Re8
40. Rc6 Re7 41. a4 Re3 42. Rc7+ Kg8 43. Rxa7 Rxb3 44. Ne5 Ne4 45. Rb7 Rb4 46.
Nd7 Rxa4 47. Rxb6 Ra7 48. Ne5 Re7 49. Nc4 Rd7 50. Rc6 Rd4 51. Ne5 Kg7 52. Rc7+
Kf6 53. Nd7+ Ke6 54. Nxc5+ Kd6 55. Na6 Ra4 56. Ra7 Nc5 57. Rxh7 Rxa6 58. h4 Ke5
59. h5 g5 60. h6 Kf5 0-1

[Event "Olomouc Chess Summer 2011 - Seniors Open"]
[Site "Olomouc (CZE), Hotel Sigma"]
[Date "2011.08.09"]
[Round "7.3"]
[White "Spurny, Antonin"]
[Black "Wojcieszyn, Zdzislaw"]
[Result "1/2-1/2"]
[WhiteElo "1931"]
[BlackElo "2020"]
[PlyCount "43"]
[EventDate "2011.08.04"]

1. d4 Nf6 2. Nf3 d5 3. Bf4 c5 4. e3 Qb6 5. Qc1 cxd4 6. exd4 Nc6 7. c3 Bf5 8.
Be2 Rc8 9. O-O e6 10. h3 Be7 11. Nbd2 O-O 12. Nb3 a5 13. Ne5 Nxe5 14. Bxe5 a4
15. Nd2 Qc6 16. Nf3 Nd7 17. Bg3 a3 18. Bh4 Bxh4 19. Nxh4 Bg6 20. Nxg6 h6 21.
bxa3 Qxc3 22. Qf4 1/2-1/2